UBT Library

Improving reading : (Record no. 41144)

000 -LEADER
fixed length control field 00740cam a22002537a 4500
001 - CONTROL NUMBER
control field 12710373
005 - DATE AND TIME OF LATEST TRANSACTION
control field 20180129051912.0
008 - FIXED-LENGTH DATA ELEMENTS--GENERAL INFORMATION
fixed length control field 020319s2001 xx a b 001 0 eng d
010 ## - LIBRARY OF CONGRESS CONTROL NUMBER
LC control number 2002277252
020 ## - INTERNATIONAL STANDARD BOOK NUMBER
International Standard Book Number 0787276146
035 ## - SYSTEM CONTROL NUMBER
System control number (OCoLC)ocm48387596
040 ## - CATALOGING SOURCE
Original cataloging agency MOR
Transcribing agency MOR
Modifying agency DLC
041 ## - LANGUAGE CODE
Language code of text/sound track or separate title eng
042 ## - AUTHENTICATION CODE
Authentication code lccopycat
080 ## - UNIVERSAL DECIMAL CLASSIFICATION NUMBER
Universal Decimal Classification number 372.4 JER
082 00 - DEWEY DECIMAL CLASSIFICATION NUMBER
Classification number 372.4 JER
Edition number 21
100 1# - Rafti
Rafti 46
101 ## - Shkurtesa
Shkurtesa EDU
245 10 - TITLE STATEMENT
Title Improving reading :
Statement of responsibility, etc Jerry L. Johns, Susan Davis Lenski.
504 ## - BIBLIOGRAPHY, ETC. NOTE
Bibliography, etc Includes bibliographical references (p. 619-625) and index.
906 ## - LOCAL DATA ELEMENT F, LDF (RLIN)
a 7
b cbc
c copycat
d 3
e ncip
f 20
g y-gencatlg
942 ## - ADDED ENTRY ELEMENTS (KOHA)
Source of classification or shelving scheme
Item type Books
Holdings
Withdrawn status Lost status Source of classification or shelving scheme Damaged status Not for loan Collection code Permanent location Current location Shelving location Date acquired Total Checkouts Full call number Barcode Date last seen Price effective from Koha item type
          Koleksioni i përgjithshem UBT - Lipjan UBT - Lipjan Koleksioni i përgjithshem 01/29/2018   372.4 JER 002-2996966 01/29/2018 01/29/2018 Books
UBT Library © 2015-2024. All rights reserved University Education for Business and Technology